Statistiques concernant Liste des principaux déserts du monde

Cliquez ici pour prendre le quiz!

Statistiques générales

  • Ce quiz a été pris 101 fois
  • Le résultat moyen est 8 sur 22

Statistiques - réponses

Type de désertSuperficie (en km²)PaysNom% Correct
Subtropical9 065 000Algérie, Égypte, Libye, Tchad, Mauritanie, Maroc, Tunisie, Soudan, Niger, Mali.Sahara
97%
Froid (continental)1 300 000Chine, MongolieDésert de Gobi
90%
Polaire14 000 000AntarctiqueAntarctique
72%
Subtropical2 331 000Arabie saoudite, Jordanie, Irak, Koweït, Qatar, Émirats arabes unis, Oman,Yémen.Désert d'Arabie
65%
Polaire13 700 000États-Unis, Canada, Groenland, Islande, Norvège, Suède, Finlande et RussieArctique
59%
Subtropical900 000Angola, Botswana, Namibie et Afrique du SudDésert de Kalahari
54%
Froid673 000ArgentinePatagonie
50%
Subtropical140 000ChiliAtacama
40%
Subtropical135 000NamibieDésert du Namib
38%
Subtropical450 000AustralieGrand Désert de Victoria
35%
Subtropical520 000Syrie, Jordanie et IrakDésert de Syrie
34%
Subtropical450 000Mexique, États-UnisDésert de Chihuahua
31%
Froid492 000Etats-UnisGrand Bassin
21%
Subtropical145 000AustralieDésert de Simpson
19%
Subtropical310 000États-Unis, MexiqueDésert de Sonora
18%
Subtropical200 000Inde, PakistanDésert du Thar
18%
Froid270 000ChineDésert du Taklamakan
15%
Subtropical155 000AustralieDésert de Gibson
12%
Subtropical350 000TurkménistanDésert du Karakoum
12%
Subtropical400 000AustralieGrand Désert de Sable
10%
Froid300 000Kazakhstan, OuzbékistanKyzyl Kum
4%
Froid337 000États-UnisPlateau du Colorado
4%

Distribution des résultats

Percentile par nombre de réponses

% des personnes avec chaque résultat

Votre développement - résultats

Vous n’avez pas pris ce quiz